Taylor Swift - Devine la chanson sans indices #58 - Statistiques

Statistiques générales
  • Ce quiz a été pris 258 fois
    257 depuis la dernière actualisation
  • Le résultat moyen est 342 sur 443
Statistiques - réponses
Réponse % Correct
I
99%
You
98%
you
98%
a
97%
(mmm)
96%
mmm)
96%
the
96%
Oh,
94%
me
93%
be
92%
to
90%
an
89%
and
89%
And
89%
he
89%
He
89%
we
89%
(we
89%
do,
88%
do
88%
do),
88%
is
88%
love
88%
my
88%
(my
88%
that
88%
it?
87%
this
87%
are
86%
Are
86%
In
86%
in
86%
for
85%
then
85%
go
84%
(go)
84%
never
84%
Never
84%
of
84%
so
84%
So
84%
was
84%
I'm
82%
time
82%
know
81%
know)
81%
No
81%
(No
81%
can
80%
I'll
80%
night,
79%
night
79%
ready
79%
see
79%
should
79%
him
78%
how
78%
baby
77%
Baby,
77%
(baby,
77%
first
77%
dreams
76%
dreams)
76%
you'll
76%
has
75%
middle
75%
saw
75%
things
75%
with
75%
But
74%
but
74%
gon'
74%
one
74%
Touch
74%
alone
73%
take
72%
don't
71%
had
71%
killer
71%
like
71%
Like
71%
too
71%
gonna
69%
man,
69%
Knew
68%
if
67%
let
67%
Let
67%
at
66%
left
66%
begin
65%
he's
65%
games
64%
Island
63%
island,
63%
all,
62%
girls
62%
many
61%
Wonder
61%
haunted
60%
Some,
59%
some
59%
phantom
58%
now,
56%
now
56%
(now)
56%
hard
55%
I've
55%
loved
55%
Taylor
55%
we'll
55%
same
54%
try
53%
act
52%
boys
52%
breeze
51%
down
51%
ghost,
51%
low
51%
(low)
51%
than
51%
tryin'
51%
forever
50%
vendetta
50%
such
49%
off
48%
robber
48%
sorry
48%
keep
46%
lights
46%
saying
46%
their
46%
though
46%
exes
44%
Every
42%
better,
41%
very
41%
ransom
40%
Holdin'
39%
move
39%
nothing
37%
failure
36%
Stealing
36%
thief,
36%
Younger
36%
join
35%
known
35%
names
35%
tame
35%
forget
34%
hearts
34%
jailer,
32%
Burton
31%
heist
28%
comparison
27%
running
23%
Aucun quiz correspondant
Distribution des résultats
% des personnes avec chaque résultat
Percentile par nombre de réponses
Votre historique - résultats
Vous n’avez pas pris ce quiz depuis la dernière actualisation